01432nam a2200289 a 450000100100000000500170001000800410002704000250006808200180009310000260011124500940013726000460023130000210027750000730029850400310037159000270040265000400042965000450046965000230051470000510053791000370058895201160062595201220074195201310086395201310099499900170112500002534120250210113909.0110215s2004 dr 000 0 spa d aDO-SdBNPbspacBNPHU a324.62bR175v1 aRamos, Salvador9837313aEl voto del emigrante dominicano en el exterior /cSalvador Ramos ; Luis Arias Núñez. aSanto Domingo :bArtes gráficas,c2004. a234 p. ;c23 cm. aIncluye referencias bibliográficas y notas al pie de las páginas aBibliografía: p. 209-213 aInventariado, 2019/MFF 4aVotozRepública Dominicana951897 4aEleccioneszRepública Dominicana92992 4aInmigrantes92911312aArias, Luis,q(Arias Núñez)epról.99356 aValidado. Control de calidad MFF 0010718PDaPDbPDcHDd2011-02-15iLF1l0o324.62 R175vp25341-10r2020-06-25w2020-06-25yLFPDZNo se presta 0010718PDaPDbPDcHDd2011-02-15iLF1l0o324.62 R175vp25341-20r2020-06-25te. 2w2020-06-25yLFPDZNo se presta 001054708DSaPDbPDcHDd2011-02-15iLF1l0o324.62 R175vp25341-30r2020-06-25te. 3w2020-06-25yLFDSZPréstamo en sala 001054708DSaPDbPDcHDd2013-05-07iLF1l0o324.62 R175vp25341-40r2020-06-25te. 4w2020-06-25yLFDSZPréstamo en sala c24833d24833